Most Populous One Border Countries - Statistics

General Stats
  • This quiz has been taken 1,293 times
  • The average score is 4 of 6
Answer Stats
Population Country % Correct
38.3 million Canada
85%
51.3 million South Korea
80%
68.4 million United Kingdom
77%
10.1 million Portugal
69%
11.6 million Haiti
51%
11.0 million Dominican Republic
50%
No matching quizzes found
Score Distribution
Percent of People with Each Score
Percentile by Number Answered
Your Score History
You have not taken this quiz